[Event "4NCL Division 3 North"]
[Site "Bolton, ENG"]
[Date "2019.05.04"]
[Round "9.53"]
[White "Reed, John"]
[Black "Livesey, R Nigel"]
[Result "1-0"]
[WhiteElo "1990"]
[BlackElo "1825"]
[PlyCount "59"]
[EventDate "2019.05.04"]
[WhiteTeam "Manchester Manticores 3"]
[BlackTeam "Manchester Manticores 4"]

1. d4 e6 2. c4 f5 3. Nf3 Nf6 4. Nc3 d5 5. Bf4 c5 6. e3 Be7 7. Bd3 O-O 8. Qc2
Ne4 9. g4 Nd7 10. gxf5 exf5 11. cxd5 Nxc3 12. bxc3 cxd4 13. Rg1 Kh8 14. Bxf5
Nf6 15. Bd3 Bd7 16. Ne5 Rc8 17. Nxd7 Qxd7 18. Bf5 Rxc3 19. Qxc3 Qxf5 20. Rc1
Ne4 21. Qb2 Bd8 22. Qxb7 Ba5+ 23. Ke2 g5 24. Qe7 Rf7 25. Qe5+ Kg8 26. Qxf5 Rxf5
27. f3 Nc3+ 28. Rxc3 Bxc3 29. Rxg5+ Rxg5 30. Bxg5 1-0

[Event "4NCL Division 3 North"]
[Site "Bolton, ENG"]
[Date "2019.05.04"]
[Round "9.54"]
[White "Gawne, Martin"]
[Black "Hilton, Tim"]
[Result "0-1"]
[WhiteElo "1825"]
[BlackElo "1960"]
[PlyCount "56"]
[EventDate "2019.05.04"]
[WhiteTeam "Manchester Manticores 4"]
[BlackTeam "Manchester Manticores 3"]

1. e4 c5 2. Nf3 g6 3. c3 Bg7 4. d4 cxd4 5. cxd4 d5 6. e5 Nc6 7. Nc3 Bg4 8. Be3
Nh6 9. Qb3 Bxf3 10. gxf3 O-O 11. Qxb7 Rc8 12. Qb5 e6 13. a3 Nf5 14. Qd3 Qb6 15.
O-O-O Na5 16. Qb5 Qc7 17. Qa4 Rb8 18. Qc2 Rfc8 19. Ba6 Nc4 20. Bxc8 Rxc8 21.
Rd3 Bf8 22. Kb1 Rb8 23. Nd1 Bxa3 24. b3 Be7 25. Kc1 Ba3+ 26. Kb1 Qa5 27. Re1
Qxe1 28. Ka2 Qa5 0-1

[Event "4NCL Division 3 North"]
[Site "Bolton, ENG"]
[Date "2019.05.04"]
[Round "9.55"]
[White "Collins, Richard A"]
[Black "Pardoe, David"]
[Result "1/2-1/2"]
[WhiteElo "1930"]
[BlackElo "1742"]
[PlyCount "48"]
[EventDate "2019.05.04"]
[WhiteTeam "Manchester Manticores 3"]
[BlackTeam "Manchester Manticores 4"]

1. e4 d5 2. exd5 Qxd5 3. Nc3 Qa5 4. d4 c6 5. Bc4 Nf6 6. Nf3 Bf5 7. O-O e6 8.
Bd2 Qc7 9. Bb3 Bd6 10. Qe2 O-O 11. Ne5 Nbd7 12. f4 c5 13. Nb5 Qb6 14. Nxd7 Nxd7
15. Nxd6 Qxd6 16. g4 c4 17. gxf5 cxb3 18. fxe6 fxe6 19. c3 bxa2 20. Rxa2 Rf6
21. Rf3 a6 22. Ra1 Raf8 23. Raf1 Qd5 24. Rg3 h6 1/2-1/2

[Event "4NCL Division 3 North"]
[Site "Bolton, ENG"]
[Date "2019.05.04"]
[Round "9.56"]
[White "Wilson, Jeff"]
[Black "Potter, Steven"]
[Result "0-1"]
[WhiteElo "1427"]
[BlackElo "1877"]
[PlyCount "82"]
[EventDate "2019.05.04"]
[WhiteTeam "Manchester Manticores 4"]
[BlackTeam "Manchester Manticores 3"]

1. e4 e6 2. b3 b6 3. Nc3 Bb7 4. Bb2 Nf6 5. d3 Nc6 6. h3 Bb4 7. Nge2 d5 8. a3
Bxc3+ 9. Nxc3 dxe4 10. Nxe4 Nxe4 11. dxe4 Qxd1+ 12. Rxd1 f6 13. f3 Ke7 14. Kf2
Rhd8 15. Be2 e5 16. g4 h6 17. h4 Rxd1 18. Rxd1 Rd8 19. Ke3 Rxd1 20. Bxd1 Nd8
21. f4 exf4+ 22. Kxf4 Ne6+ 23. Kf5 Kf7 24. h5 Bc8 25. e5 c5 26. exf6 gxf6 27.
Bxf6 Nf8+ 28. Ke5 Nd7+ 29. Kd6 Nxf6 30. Kc7 Bxg4 31. Bxg4 Nxg4 32. Kb7 b5 33.
Kxa7 Ne3 34. c3 c4 35. bxc4 Nxc4 36. Ka6 Nxa3 37. Ka5 Nb1 38. Kxb5 Nxc3+ 39.
Kc4 Ne2 40. Kd3 Ng3 41. Ke3 Nxh5 0-1

[Event "4NCL Division 3 North"]
[Site "Bolton, ENG"]
[Date "2019.05.04"]
[Round "9.61"]
[White "Crocker, Philip J"]
[Black "Surtees, Mike J"]
[Result "1/2-1/2"]
[WhiteElo "2090"]
[BlackElo "2192"]
[PlyCount "89"]
[EventDate "2019.05.04"]
[WhiteTeam "Spirit of Atticus B"]
[BlackTeam "Bolton & Worsley"]

1. c4 e6 2. g3 d5 3. Bg2 c6 4. Nf3 f6 5. d4 Na6 6. O-O dxc4 7. Nbd2 b5 8. b3
cxb3 9. Nxb3 Bd6 10. Bd2 Ne7 11. Rc1 O-O 12. Ne1 Bd7 13. Nd3 Nd5 14. Nbc5 Nxc5
15. Nxc5 Bxc5 16. Rxc5 a5 17. Qb3 Qe7 18. Rfc1 f5 19. Bf4 a4 20. Qb1 Nxf4 21.
gxf4 Rf6 22. Bxc6 Bxc6 23. Rxc6 Rg6+ 24. Kh1 Qb7 25. f3 Rd8 26. Qc2 Rf6 27. Qc5
h6 28. Rc7 Qd5 29. Qxd5 Rxd5 30. e3 Rf7 31. Rxf7 Kxf7 32. Rc7+ Kf6 33. h4 g5
34. fxg5+ hxg5 35. hxg5+ Kxg5 36. f4+ Kf6 37. Rb7 Rd8 38. Rxb5 Rc8 39. Kg2 Rc2+
40. Kf3 Rxa2 41. d5 exd5 42. Rxd5 a3 43. e4 fxe4+ 44. Kxe4 Ra1 45. Rd6+ 1/2-1/2

[Event "4NCL Division 3 North"]
[Site "Bolton, ENG"]
[Date "2019.05.04"]
[Round "9.62"]
[White "Sakic, Lorand"]
[Black "Phillips, David A"]
[Result "0-1"]
[WhiteElo "1999"]
[BlackElo "2032"]
[PlyCount "90"]
[EventDate "2019.05.04"]
[WhiteTeam "Bolton & Worsley"]
[BlackTeam "Spirit of Atticus B"]

1. e4 c5 2. Nf3 Nc6 3. d4 cxd4 4. Nxd4 Nf6 5. Nc3 e5 6. Ndb5 Bb4 7. Nd6+ Ke7 8.
Nf5+ Kf8 9. Bg5 d5 10. Bxf6 Qxf6 11. Qxd5 Bxf5 12. exf5 Rd8 13. Qe4 Rd4 14. Qf3
e4 15. Qe3 Ne7 16. Be2 Nxf5 17. Qh3 g6 18. O-O Kg7 19. Bg4 Rhd8 20. Rae1 Bxc3
21. Qxc3 Rd2 22. Qb3 e3 23. fxe3 Qc6 24. e4 Nh6 25. Bf3 Qxc2 26. Qxc2 Rxc2 27.
Rf2 Rdd2 28. Rxd2 Rxd2 29. Re2 Rxe2 30. Bxe2 Kf6 31. Kf2 Ke5 32. Ke3 f6 33. b4
Nf7 34. a4 Nd6 35. Bd3 b6 36. g4 g5 37. a5 bxa5 38. bxa5 Nb7 39. a6 Nc5 40. Bb5
Nxe4 41. Bd3 Nc5 42. Bxh7 Nxa6 43. Kd3 Nb4+ 44. Kc4 Nd5 45. h3 Nf4 0-1

[Event "4NCL Division 3 North"]
[Site "Bolton, ENG"]
[Date "2019.05.04"]
[Round "9.63"]
[White "Bimpson, Tom"]
[Black "Sakic, Simeon"]
[Result "1-0"]
[WhiteElo "1973"]
[BlackElo "1862"]
[PlyCount "71"]
[EventDate "2019.05.04"]
[WhiteTeam "Spirit of Atticus B"]
[BlackTeam "Bolton & Worsley"]

1. e4 e5 2. Nf3 Nc6 3. d3 Bc5 4. g3 d6 5. Bg2 Nf6 6. O-O Bg4 7. h3 Bh5 8. c3
Qe7 9. Nbd2 O-O 10. b4 Bb6 11. Nc4 h6 12. Nxb6 axb6 13. g4 Bg6 14. Nh4 Qe6 15.
Nxg6 fxg6 16. Qe2 g5 17. Be3 Ra3 18. d4 exd4 19. Bxd4 Rfa8 20. Qb5 Rxa2 21.
Rxa2 Rxa2 22. Bxf6 gxf6 23. e5 Rd2 24. exf6 Qxf6 25. Bxc6 bxc6 26. Qxc6 Qf7 27.
Qe4 Kg7 28. Qe3 Rd5 29. f4 gxf4 30. Rxf4 Rd1+ 31. Kh2 Qd7 32. Re4 Qc6 33. Qf3
Rd2+ 34. Kg3 d5 35. Re7+ Kg8 36. Qf7+ 1-0

[Event "4NCL Division 3 North"]
[Site "Bolton, ENG"]
[Date "2019.05.04"]
[Round "9.64"]
[White "Doherty, Paul"]
[Black "Johnson, Michael D"]
[Result "1/2-1/2"]
[WhiteElo "1787"]
[BlackElo "1954"]
[PlyCount "145"]
[EventDate "2019.05.04"]
[WhiteTeam "Bolton & Worsley"]
[BlackTeam "Spirit of Atticus B"]

1. d4 Nf6 2. c4 g6 3. Nc3 d5 4. Bg5 Ne4 5. Bh4 Nxc3 6. bxc3 c6 7. e3 Bg7 8. Qb3
O-O 9. Nf3 Re8 10. Be2 b6 11. O-O Ba6 12. Rfc1 Qc8 13. Bg3 e6 14. Rc2 Bxc4 15.
Bxc4 dxc4 16. Qxc4 Nd7 17. Rd1 b5 18. Qb3 Nb6 19. Nd2 Qd7 20. Ne4 Nc4 21. Nc5
Qe7 22. Na6 Rec8 23. a4 Bf8 24. Ra1 Qb7 25. axb5 cxb5 26. Nc7 Rxc7 27. Bxc7
Qxc7 28. Rca2 a5 29. Qxb5 Rb8 30. Qa4 Be7 31. g3 Kg7 32. Qc2 Qc6 33. e4 Bd8 34.
Qd3 Nd6 35. d5 exd5 36. Qd4+ Kg8 37. exd5 Qb5 38. Rc2 Ne8 39. Qa4 Bf6 40. Qxa5
Qd3 41. Rac1 Qc4 42. Qa2 Rc8 43. Qxc4 Rxc4 44. Ra1 Kg7 45. Ra6 Rxc3 46. Rxc3
Bxc3 47. d6 Nf6 48. Ra7 Kf8 49. d7 Ke7 50. d8=Q+ Kxd8 51. Rxf7 Ke8 52. Rb7 Nd7
53. Kg2 Ke7 54. f4 Ke6 55. Kf3 h5 56. Rc7 Bb4 57. h3 Bd6 58. Rc6 Ke7 59. g4
hxg4+ 60. Kxg4 Nf6+ 61. Kg5 Nd5 62. f5 gxf5 63. Kxf5 Bb4 64. h4 Kf7 65. Ra6
Ne7+ 66. Kg4 Nd5 67. Ra7+ Be7 68. Kf5 Nf6 69. Rb7 Ne8 70. Rxe7+ Kxe7 71. Kg5
Kf8 72. h5 Kg7 73. h6+ 1/2-1/2

[Event "4NCL Division 3 North"]
[Site "Bolton, ENG"]
[Date "2019.05.04"]
[Round "9.65"]
[White "Cooper, John G"]
[Black "Harman, George"]
[Result "1/2-1/2"]
[WhiteElo "1932"]
[BlackElo "1810"]
[PlyCount "45"]
[EventDate "2019.05.04"]
[WhiteTeam "Spirit of Atticus B"]
[BlackTeam "Bolton & Worsley"]

1. e4 c5 2. Nc3 Nc6 3. Bb5 g6 4. Bxc6 bxc6 5. d3 Bg7 6. f4 d6 7. Nge2 Nf6 8. h3
O-O 9. O-O Qb6 10. Kh2 e6 11. b3 a5 12. Na4 Qa7 13. Bb2 Ba6 14. c4 d5 15. e5
Nd7 16. Qe1 Bb7 17. Qf2 f6 18. exf6 Bxf6 19. Bxf6 Rxf6 20. Qg3 Raf8 21. Rf3 Qb8
22. Raf1 Rf5 23. h4 1/2-1/2

[Event "4NCL Division 3 North"]
[Site "Bolton, ENG"]
[Date "2019.05.04"]
[Round "9.66"]
[White "Patel, Parshottambhi D"]
[Black "Mort, Andrew J"]
[Result "0-1"]
[WhiteElo "1510"]
[BlackElo "1806"]
[PlyCount "144"]
[EventDate "2019.05.04"]
[WhiteTeam "Bolton & Worsley"]
[BlackTeam "Spirit of Atticus B"]

1. e4 c6 2. Nc3 d5 3. d4 dxe4 4. Nxe4 Nf6 5. Nxf6+ gxf6 6. Be3 Bf5 7. Ne2 e6 8.
Ng3 Bg6 9. Bd3 Nd7 10. Qd2 Qc7 11. Ne4 Bxe4 12. Bxe4 Bd6 13. g3 O-O-O 14. O-O-O
Kb8 15. Qc3 f5 16. Bg2 Nf6 17. Bg5 Be7 18. Bf4 Bd6 19. Be5 Bxe5 20. dxe5 Ng4
21. Rd6 Nxe5 22. Rxd8+ Rxd8 23. f4 Ng4 24. Qe1 Qd6 25. h3 Nf6 26. Bf3 Qd4 27.
Rh2 Ne4 28. Rg2 Nf6 29. Re2 Kc8 30. Re3 Qc4 31. Kb1 Ne4 32. Bxe4 fxe4 33. b3
Qd5 34. Rxe4 Qd1+ 35. Qxd1 Rxd1+ 36. Kb2 Rh1 37. h4 Rg1 38. Re3 Kd7 39. a4 Ke7
40. Rd3 Re1 41. b4 f6 42. a5 e5 43. fxe5 Rxe5 44. Kc3 c5 45. b5 b6 46. a6 Re4
47. Kb2 Rb4+ 48. Rb3 Rxb3+ 49. Kxb3 Ke6 50. Kc4 Ke5 51. c3 Ke4 52. g4 h6 53. h5
Ke5 54. Kd3 Kf4 55. Kc4 Kxg4 56. Kd5 f5 57. Kc6 f4 58. Kb7 f3 59. Kxa7 f2 60.
Kxb6 f1=Q 61. a7 Qf6+ 62. Kb7 Qe7+ 63. Ka6 Qd8 64. Kb7 Qd7+ 65. Kb6 Qc8 66. c4
Kf5 67. Ka5 Qb7 68. b6 Ke6 69. Kb5 Kd6 70. a8=Q Qxa8 71. b7 Qxb7+ 72. Ka5 Kc6
0-1

[Event "4NCL Division 4 South"]
[Site "Daventry, ENG"]
[Date "2018.11.17"]
[Round "1.11"]
[White "Fletcher, John"]
[Black "Smith, Olivia"]
[Result "1/2-1/2"]
[WhiteElo "1997"]
[BlackElo "2132"]
[PlyCount "160"]
[EventDate "2018.11.17"]

1. d4 Nf6 2. Nc3 d5 3. Bg5 e6 4. e4 Be7 5. e5 Nfd7 6. Bxe7 Qxe7 7. Qd2 a6 8. f4
c5 9. Nf3 Nc6 10. dxc5 Qxc5 11. O-O-O b5 12. Bd3 Bb7 13. f5 O-O-O 14. fxe6 fxe6
15. Rde1 h6 16. Qf4 b4 17. Na4 Qa5 18. b3 Nc5 19. Nxc5 Qxc5 20. Qf7 Qe7 21.
Qxe7 Nxe7 22. Nd4 Kd7 23. Rhf1 Rhf8 24. Kd2 Nc6 25. Nxc6 Kxc6 26. Ke3 d4+ 27.
Ke2 Kc5 28. g3 a5 29. Bc4 Bd5 30. Bd3 Bc6 31. Bc4 Be4 32. Kd2 Bf5 33. Rf4 g5
34. Rf2 Bh3 35. Rf6 Rxf6 36. exf6 Kd6 37. Kd3 Rf8 38. Kxd4 Rxf6 39. Re5 Rf2 40.
Bd3 Bf5 41. Rxa5 Bxd3 42. cxd3 Rxh2 43. Ra6+ Ke7 44. Ra4 Rg2 45. Rxb4 Rxa2 46.
g4 Kf6 47. Kc3 h5 48. gxh5 Rh2 49. Re4 Rxh5 50. b4 Kf5 51. b5 g4 52. b6 Rh8 53.
Kd4 Rd8+ 54. Ke3 Rb8 55. Rb4 Ke5 56. b7 Kd5 57. Kf4 Kc6 58. Ke5 Rxb7 59. Rxg4
Re7 60. Rc4+ Kb5 61. Rd4 Rh7 62. Kxe6 Rh6+ 63. Ke5 Rh5+ 64. Ke4 Rh4+ 65. Ke3
Rh3+ 66. Kd2 Kc5 67. Rg4 Kd5 68. Kc3 Rh1 69. Rg5+ Kd6 70. Kc4 Kd7 71. Kd5 Rh6
72. d4 Ra6 73. Rg7+ Kd8 74. Ke5 Rb6 75. Ra7 Rh6 76. d5 Rb6 77. Kd4 Rh6 78. Kc4
Rg6 79. Rh7 Rf6 80. Rh8+ Kd7 1/2-1/2

[Event "4NCL Division 4 South"]
[Site "Daventry, ENG"]
[Date "2018.11.17"]
[Round "1.12"]
[White "Staniforth, Matthew"]
[Black "Adams, Mark"]
[Result "1/2-1/2"]
[WhiteElo "1948"]
[BlackElo "1965"]
[PlyCount "116"]
[EventDate "2018.11.17"]

1. e4 c5 2. Nf3 a6 3. c3 e6 4. d4 d5 5. e5 Bd7 6. Bd3 cxd4 7. cxd4 Bb5 8. Bxb5+
axb5 9. Bg5 Qa5+ 10. Nbd2 h6 11. Be3 Ne7 12. O-O Nec6 13. Nb3 Qa4 14. Rc1 Be7
15. a3 Nd7 16. Ne1 O-O 17. Nd3 Rac8 18. Ndc5 Nxc5 19. Nxc5 Qxd1 20. Rfxd1 Bxc5
21. Rxc5 Na7 22. Rdc1 22... Rxc5 $11 23. Rxc5 Rc8 24. Rxc8+ Nxc8 25. g4 Ne7 26.
h4 Nc6 27. h5 Kh7 28. Kf1 g6 29. Ke2 g5 30. Kd3 Kg7 31. f4 f6 32. exf6+ Kxf6
33. Kc3 gxf4 34. Bxf4 Kg7 35. Kb3 Nxd4+ 36. Kb4 Kh7 37. Kc5 Nf3 38. Be3 d4 39.
Bxd4 b6+ 40. Kxb5 Nxd4+ 41. Kxb6 Nb3 42. Kb5 Kg7 43. Kb4 Nd4 44. a4 e5 45. Kc4
Nc6 46. b4 Kf6 47. a5 e4 48. a6 e3 49. Kc3 Nxb4 50. a7 Nd5+ 51. Kd3 51... Nc7
$11 52. Kxe3 Kg5 53. Kf3 Na8 54. Ke4 Kxg4 55. Kd5 Kf5 56. Kc6 Ke6 57. Kb7 Kd7
58. Kxa8 Kc7 1/2-1/2

[Event "4NCL Division 4 South"]
[Site "Daventry, ENG"]
[Date "2018.11.17"]
[Round "1.13"]
[White "Davies, Peter"]
[Black "Rathbone-Jones, Ifan"]
[Result "0-1"]
[WhiteElo "1976"]
[BlackElo "1907"]
[PlyCount "114"]
[EventDate "2018.11.17"]

1. c4 e6 2. d4 d5 3. Nf3 Nf6 4. g3 c6 5. Bg2 g6 6. O-O Bg7 7. Nc3 O-O 8. Ne5
Nfd7 9. cxd5 exd5 10. Nxd7 Nxd7 11. Be3 Nb6 12. b3 Re8 13. Qd2 f5 14. Rac1 a5
15. Rfd1 Re6 16. Bg5 Qf8 17. Bf4 Qe7 18. Rc2 Bf6 19. h4 Qf7 20. Rdc1 Re8 21.
Rd1 Be6 22. Rb1 Qd7 23. Bg5 Bg7 24. Bf4 Bf8 25. Rd1 Bb4 26. Qd3 Rac8 27. Bf3
Qf7 28. Kg2 h5 29. Kg1 Kh7 30. Bg2 $11 30... Qf8 31. Nb1 Bf7 32. Nd2 Nd7 33.
Nf3 Nf6 34. Ng5+ Kg8 35. f3 Qe7 36. Bh3 Kg7 37. Be5 Bd6 38. Bxd6 Qxd6 39. Kg2
Re7 40. Rdc1 Rce8 41. Re1 Re3 42. Qd2 f4 43. Qxa5 fxg3 44. Qb6 R8e7 45. Qc5 Qf4
46. Ne6+ R7xe6 47. Bxe6 Rxe6 48. e3 Qxh4 49. Rh1 Qg5 50. e4 h4 51. e5 Nh5 52.
Qb4 h3+ 53. Kg1 h2+ 54. Kf1 Nf4 55. Rg2 Nxg2 56. Kxg2 Qe3 57. Qe1 Qxd4 0-1

[Event "4NCL Division 4 South"]
[Site "Daventry, ENG"]
[Date "2018.11.17"]
[Round "1.14"]
[White "Chong, Kimberly"]
[Black "Hughes, Anthony"]
[Result "0-1"]
[WhiteElo "1738"]
[BlackElo "1903"]
[PlyCount "92"]
[EventDate "2018.11.17"]

1. e4 c6 2. d4 d5 3. exd5 cxd5 4. c4 Nf6 5. Nf3 Nc6 6. Nc3 Bg4 7. Be2 e6 8.
cxd5 Nxd5 9. O-O Be7 10. Re1 O-O 11. h3 Bh5 12. Be3 Rc8 13. Rc1 Qa5 14. Nxd5
Qxd5 15. Bc4 Qa5 16. a3 Rfd8 17. Rc3 Ne5 18. Be2 Rxc3 19. bxc3 Nxf3+ 20. Bxf3
Bxf3 21. Qxf3 Bxa3 22. Qxb7 Qxc3 23. Rb1 a5 24. Bg5 Rc8 25. Bf4 h6 26. Rb3 Qa1+
27. Kh2 Rd8 28. Qb6 Qxd4 29. Qxd4 Rxd4 30. Be3 Bd6+ 31. g3 Rd5 32. Rb2 a4 33.
Kg2 a3 34. Ra2 Rb5 35. Bd4 e5 36. Ba1 f5 37. Rd2 Rb6 38. g4 g6 39. gxf5 gxf5
40. Rd5 Ra6 41. f4 exf4 42. Rxf5 Ra4 43. Rf6 Bf8 44. Kf3 $11 44... a2 45. Rxf4
Rxf4+ 46. Kxf4 Bg7 0-1

[Event "4NCL Division 4 South"]
[Site "Daventry, ENG"]
[Date "2018.11.17"]
[Round "1.15"]
[White "Quinn, Peter"]
[Black "Carpenter, Raymond"]
[Result "0-1"]
[WhiteElo "1838"]
[BlackElo "1751"]
[PlyCount "86"]
[EventDate "2018.11.17"]

1. e4 c5 2. Nf3 d6 3. d4 cxd4 4. Nxd4 Nf6 5. Nc3 a6 6. Bg5 e6 7. f4 h6 8. Bh4
Be7 9. Qf3 Qc7 10. O-O-O Nbd7 11. g4 g5 12. fxg5 Ne5 13. Qe2 Nh7 14. Bg3 Bxg5+
15. Kb1 Bd7 16. Bg2 b5 17. a3 Be7 18. Rhf1 Nf6 19. h3 Rc8 20. Na2 Nc4 21. Rd3
a5 22. Bh4 Nh7 23. Bxe7 Kxe7 24. Rdf3 Rhf8 25. Qf2 Ng5 26. Rf6 e5 27. Rxh6 exd4
28. Qf6+ Ke8 29. Qxg5 Ne3 30. Rf2 Qc5 31. Qxc5 dxc5 32. g5 Rc6 33. Rxc6 Bxc6
34. Bf3 Rh8 35. e5 Bd7 36. b4 axb4 37. axb4 c4 38. Nc1 Rxh3 39. Be4 Nd1 40. Rf4
Nc3+ 41. Kb2 Rg3 42. g6 fxg6 43. Rf6 Nxe4 0-1

[Event "4NCL Division 4 South"]
[Site "Daventry, ENG"]
[Date "2018.11.17"]
[Round "1.16"]
[White "Fraser, Susanna"]
[Black "Dixon, Chris"]
[Result "1/2-1/2"]
[WhiteElo "1576"]
[BlackElo "1755"]
[PlyCount "58"]
[EventDate "2018.11.17"]

1. d4 Nf6 2. c4 g6 3. Nf3 Bg7 4. g3 O-O 5. Bg2 d6 6. O-O Nbd7 7. Nc3 e5 8. e4
Re8 9. h3 a6 10. Be3 Rb8 11. b3 b5 12. cxb5 axb5 13. Qc2 b4 14. Ne2 Nxe4 15.
Rac1 Ba6 16. Rfe1 Bxe2 17. Rxe2 Nc3 18. Ree1 c5 19. dxe5 Nxe5 20. Bf4 Qd7 21.
Nxe5 Bxe5 22. Bxe5 Rxe5 23. Rxe5 dxe5 24. a4 f5 25. Re1 e4 26. Kh2 Qd3 27. Qc1
Qd4 28. Qf4 Rd8 29. Bf1 Kg7 1/2-1/2

[Event "4NCL Division 4 South"]
[Site "Daventry, ENG"]
[Date "2018.11.17"]
[Round "1.21"]
[White "Cannon, Richard J"]
[Black "Howell, Oliver W"]
[Result "1/2-1/2"]
[WhiteElo "2028"]
[BlackElo "2005"]
[PlyCount "94"]
[EventDate "2018.11.17"]

1. e4 e6 2. Nc3 d5 3. d4 Bb4 4. exd5 exd5 5. Bd3 Ne7 6. Qh5 Be6 7. Nf3 Nbc6 8.
a3 Bxc3+ 9. bxc3 Qd7 10. Ng5 O-O-O 11. Nxe6 Qxe6+ 12. Be3 g6 13. Qf3 Nf5 14.
O-O Nxe3 15. Qxe3 Qxe3 16. fxe3 f5 17. c4 Rhe8 18. cxd5 Rxd5 19. Rfe1 Rd7 20.
Bb5 a6 21. Bd3 Rde7 22. Kf2 Nb8 23. h3 Nd7 24. g4 fxg4 25. hxg4 Nf6 26. g5 Ne4+
27. Bxe4 Rxe4 28. Kf3 c5 29. c3 Kc7 30. Ra2 Kd6 31. Rh2 R8e7 32. Rxh7 Rxe3+ 33.
Rxe3 Rxh7 34. Ke2 cxd4 35. cxd4 Re7 36. Rxe7 Kxe7 37. Kd3 Kd6 38. Kc4 b6 39. d5
Ke5 40. a4 Kd6 41. Kd4 b5 42. a5 b4 43. Kc4 b3 44. Kxb3 Kxd5 45. Kb4 Kd4 46.
Kb3 Kc5 47. Kc3 Kd5 1/2-1/2

[Event "4NCL Division 4 South"]
[Site "Daventry, ENG"]
[Date "2018.11.17"]
[Round "1.22"]
[White "Hurtado Oldridge, Felipe"]
[Black "Kamath, Vikram"]
[Result "1/2-1/2"]
[WhiteElo "1943"]
[BlackElo "1807"]
[PlyCount "104"]
[EventDate "2018.11.17"]

1. d4 d5 2. c4 c6 3. Nc3 e6 4. Nf3 Bd6 5. Bg5 Nf6 6. e3 h6 7. Bh4 O-O 8. Qc2
Nbd7 9. Rc1 e5 10. cxd5 cxd5 11. Nxd5 Qa5+ 12. Nc3 Nd5 13. Be2 Nxc3 14. bxc3
exd4 15. Nxd4 Ne5 16. O-O Bd7 17. Qd2 Ng6 18. Bg3 Bxg3 19. hxg3 Rfd8 20. Qb2
Qc7 21. Rb1 b6 22. Ba6 Nf8 23. Rfd1 Ne6 24. Nxe6 Bxe6 25. a4 Rd6 26. Rd4 Rad8
27. Qb4 Rxd4 28. cxd4 Qc2 29. Ra1 Qb3 30. Qxb3 Bxb3 31. a5 Rb8 32. axb6 axb6
33. Rb1 Ba4 34. Bb5 Bxb5 35. Rxb5 Kf8 36. Kf1 f6 37. Ke2 Ke7 38. e4 Kd6 39. d5
Kc7 40. f4 Ra8 41. e5 fxe5 42. fxe5 Re8 43. e6 Kd6 44. Kf3 Ke5 45. Kg4 g6 46.
Kh4 Re7 47. g4 Rb7 48. g5 h5 49. g4 hxg4 50. Kxg4 Re7 51. Kf3 Rb7 52. Rb2 Kxd5
1/2-1/2

[Event "4NCL Division 4 South"]
[Site "Daventry, ENG"]
[Date "2018.11.17"]
[Round "1.23"]
[White "Sheikh, Mohammed Shahid"]
[Black "Jukes, Sam"]
[Result "0-1"]
[WhiteElo "1601"]
[BlackElo "1880"]
[PlyCount "90"]
[EventDate "2018.11.17"]

1. e4 e5 2. Nc3 Nf6 3. a3 Nc6 4. Bc4 Be7 5. d3 O-O 6. Nge2 d6 7. O-O Be6 8. Nd5
Bxd5 9. exd5 Nb8 10. Ba2 Nbd7 11. Ng3 c6 12. dxc6 bxc6 13. Nf5 d5 14. Nxe7+
Qxe7 15. Bg5 Qd6 16. h3 a5 17. Bh4 Rab8 18. Rb1 c5 19. Re1 Qc6 20. Bg3 Rfe8 21.
Qf3 Qa4 22. Bb3 Qc6 23. Ba2 Rbc8 24. c4 d4 25. Qd1 Ra8 26. a4 e4 27. Bb3 Re6
28. Bc2 Rae8 29. dxe4 Nxe4 30. Bxe4 Rxe4 31. Rxe4 Qxe4 32. b3 Ne5 33. f3 Qe3+
34. Kh2 Nd3 35. Qf1 Re6 36. Rd1 Nf4 37. Re1 Ne2 38. Bc7 d3 39. Rd1 d2 40. g3
Nc3 41. Bf4 Qe2+ 42. Kg1 Qxd1 43. Qxd1 Re1+ 44. Kf2 Nxd1+ 45. Kg2 Ne3+ 0-1

[Event "4NCL Division 4 South"]
[Site "Daventry, ENG"]
[Date "2018.11.17"]
[Round "1.24"]
[White "Hurley, Jake"]
[Black "Kilcline, Jenny"]
[Result "1-0"]
[WhiteElo "1901"]
[BlackElo "1573"]
[PlyCount "95"]
[EventDate "2018.11.17"]

1. e4 e6 2. d3 d5 3. Nd2 Nc6 4. g3 g6 5. Bg2 Bg7 6. Ngf3 d4 7. O-O e5 8. Nh4
Be6 9. Nb3 f6 10. Nc5 Bc8 11. c3 b6 12. Qa4 Bd7 13. Nxd7 Qxd7 14. Bh3 Qd6 15.
cxd4 Kf8 16. dxe5 Nxe5 17. Bf4 c5 18. Nf3 Ne7 19. Bxe5 fxe5 20. Ng5 Nc6 21. f4
Ke7 22. fxe5 Nxe5 23. Qa6 Bf6 24. Qb7+ Nd7 25. Bxd7 Qxd7 26. Qxd7+ Kxd7 27.
Rxf6 h6 28. Nf3 g5 29. Ne5+ Ke7 30. Raf1 h5 31. Ng6+ Kd7 32. Rf7+ Kc6 33. Nxh8
Rxh8 34. a4 Kd6 35. Kf2 h4 36. g4 a6 37. Ke3 Re8 38. R1f6+ Re6 39. d4 cxd4+ 40.
Kxd4 Rxf6 41. e5+ Kc6 42. Rxf6+ Kb7 43. Kd5 a5 44. e6 h3 45. e7 b5 46. e8=R Kc7
47. Rf7+ Kb6 48. Re6# 1-0

[Event "4NCL Division 4 South"]
[Site "Daventry, ENG"]
[Date "2018.11.17"]
[Round "1.25"]
[White "Sheikh, Samia Zannat"]
[Black "Fowler, Hugo"]
[Result "0-1"]
[WhiteElo "1522"]
[BlackElo "1799"]
[PlyCount "116"]
[EventDate "2018.11.17"]

1. d4 Nf6 2. c4 g6 3. Nc3 d5 4. cxd5 Nxd5 5. e4 Nxc3 6. bxc3 Bg7 7. Nf3 c5 8.
Bb2 Nc6 9. d5 Ne5 10. Nxe5 Bxe5 11. Bb5+ Bd7 12. Qa4 a6 13. Bxd7+ Qxd7 14.
Qxd7+ Kxd7 15. O-O g5 16. g3 Rhg8 17. Rfb1 b5 18. c4 Bxb2 19. Rxb2 b4 20. Re1
e5 21. Kf1 g4 22. Ke2 a5 23. Ke3 a4 24. f4 f6 25. Rf1 Rgf8 26. fxe5 fxe5 27.
Rf5 b3 28. axb3 a3 29. Ra2 Rfb8 30. Rf7+ Ke8 31. Rxh7 Rxb3+ 32. Kd2 Ra4 33. Rh4
Rxc4 34. Rxg4 Kf7 35. Rh4 Rf3 36. Ke2 Rb3 37. Kd2 Rf3 38. Ke2 Rb3 39. Kd2 Rf3
40. Ra1 Rb3 41. Ra2 Rd4+ 42. Kc2 Rf3 43. Ra1 Rb4 44. Re1 Rb2+ 45. Kc1 Rc3+ 46.
Kd1 Rb1+ 47. Kd2 Rxe1 48. d6 Rcc1 49. Rh7+ Kg6 50. Ra7 Red1+ 51. Ke2 Rxd6 52.
Rxa3 Rc2+ 53. Kf3 Rxh2 54. Rc3 Rc6 55. Kg4 Rd2 56. Kf3 c4 57. Rc1 c3 58. Ke3
Rb2 0-1

[Event "4NCL Division 4 South"]
[Site "Daventry, ENG"]
[Date "2018.11.17"]
[Round "1.26"]
[White "Harris, Calum"]
[Black "Kilcline, Declan A"]
[Result "1-0"]
[WhiteElo "1747"]
[BlackElo "1440"]
[PlyCount "52"]
[EventDate "2018.11.17"]

1. e4 e6 2. d4 d5 3. Nd2 Nc6 4. Ngf3 Nf6 5. e5 Nd7 6. c3 f6 7. exf6 Qxf6 8. Nb3
h6 9. Be2 Bd6 10. g3 O-O 11. O-O Nb6 12. Nh4 e5 13. f4 exd4 14. cxd4 Bh3 15.
Rf2 g5 16. Bg4 Bxg4 17. Qxg4 Rae8 18. Ng2 Nc4 19. h4 Nxd4 20. hxg5 hxg5 21.
Nxd4 Bc5 22. Nf3 Re2 23. Nxg5 Bxf2+ 24. Kf1 Rfe8 25. Ne6+ Kh7 26. Qh5+ Qh6 1-0

[Event "4NCL Division 4 South"]
[Site "Daventry, ENG"]
[Date "2018.11.17"]
[Round "1.31"]
[White "Mercs, Peter J"]
[Black "Young, Jonathan G"]
[Result "1-0"]
[WhiteElo "2080"]
[BlackElo "1660"]
[PlyCount "117"]
[EventDate "2018.11.17"]

1. e4 c5 2. Nf3 d6 3. d4 cxd4 4. Nxd4 Nf6 5. Nc3 a6 6. Be2 e5 7. Nb3 Be7 8. O-O
O-O 9. Be3 Nbd7 10. Qd2 b5 11. a3 Bb7 12. f3 Rc8 13. Rfd1 Nb6 14. g4 Nc4 15.
Bxc4 bxc4 16. Nc1 Nd7 17. N1e2 Nc5 18. Ng3 g6 19. Bh6 Re8 20. Nd5 Bxd5 21. exd5
Qb6 22. Be3 Qd8 23. a4 Qc7 24. a5 Rb8 25. Qc3 Nd7 26. Ra4 Rec8 27. Ne4 Qb7 28.
Rxc4 Rxc4 29. Qxc4 Qxb2 30. Qc6 Qb7 31. Nxd6 Bxd6 32. Qxd6 Rc8 33. Rc1 Rc3 34.
Bb6 Rxf3 35. c4 Rf6 36. Qc7 Qxc7 37. Bxc7 Rf4 38. h3 f5 39. gxf5 gxf5 40. c5
Rd4 41. d6 e4 42. c6 Ne5 43. d7 Nxd7 44. cxd7 Rxd7 45. Kf2 Rd3 46. Rg1+ Kf7 47.
Rg3 Rd7 48. Rc3 h5 49. Ke3 Kg6 50. Kf4 Rd3 51. Rxd3 exd3 52. Ke3 Kg5 53. Bd8+
Kg6 54. h4 d2 55. Kxd2 f4 56. Ke2 Kf5 57. Kf3 Ke5 58. Bc7+ Kd5 59. Kxf4 1-0